000 00816nam a2200241 i 4500
003 DO-SdBNP
005 20260218125115.0
007 ta
008 260218b1993 dr ||||| |||| 00| 0 spa d
040 _aDO-SdBNP
_bspa
_cBNPHU
_erda
041 _aspa
082 4 _axxx
_bxxx
_222
111 2 _aSecretaria de Estado de Educación, Bellas Artes y Cultos
_n(4
_d15 de septiembre al 30 de noviembre 1993 :
_cSanto Domingo)
_957974
245 1 0 _aA tiempo :
_bagenda cultural dominicana.
264 1 _aSanto Domingo :
_bSecretaría de Estado de Educación Bellas Artes y Cultos,
_c1993.
300 _a38 paginas ;
_c22 cm.
336 _2rdaconten.
_atexto
_btxt
337 _2rdamedia
_asin mediación
_bn
338 _2rdacarrier
_avolumen
_bnc
590 _aInventariado, 2026/ BT
910 _aBtavárez
942 _2ddc
_cLF2
999 _c60361
_d60361